La gramática estructural en la escuela secundaria; su valor formativo /
Guardado en:
| Autor Principal: | |
|---|---|
| Formato: | Libro |
| Publicado: |
Buenos Aires :
Kapelusz,
1964
|
| Edición: | 2a. ed. |
| Materias: | |
| Etiquetas: |
Agregar Etiqueta
Sin Etiquetas, Sea el primero en etiquetar este registro!
|
| LEADER | 01202nam a22002175a 4500 | ||
|---|---|---|---|
| 001 | CEM.cems005603 | ||
| 005 | 20060221000000.0 | ||
| 008 | 130507s1964##################000#0#####d | ||
| 003 | CEMS | ||
| 082 | 0 | 4 | |a 465.07 |
| 100 | 1 | |a Rosetti, M. de | |
| 245 | 1 | 0 | |a La gramática estructural en la escuela secundaria; su valor formativo / |
| 250 | |a 2a. ed. | ||
| 260 | |a Buenos Aires : |b Kapelusz, |c 1964 | ||
| 300 | |a 112 p. | ||
| 505 | 0 | |a REDACCION: El mundo a traves de los sentidos; El tono emociónal de una descripción; El observador en la descripción; La selección de datos y el orden que se debe seguir en una descripción; Las estructuras logicas de la lengua: esquemas de contenido-sintesis-resumen; La <narración>; SINTAXIS: Construcciónes nominales; Oración; Predicado; Modificadores del verbo; Sustantivo; Adjetivo; ORTOGRAFIA: Acentuación; a-ha; ba-preterito imperfecto; c-z; a traves- atravesar; era; g-j; h; oso; g-j; quiso-hizo, halla-haya, tubo-tuvo; c-z; ción-sion; bir- vir; xc; izar | |
| 653 | |a Estructuralismo | ||
| 653 | |a Gramática estructural | ||
| 653 | |a Gramática estructural-enseñanz | ||
| 653 | |a Linguistica | ||
| 859 | |a CEMS |b BIB. CEMS - 11 de abril |h 465.07 |i R728a2 |p 3027.74 |t Ej.1 | ||
